000
00325nam a2200133Ia 4500
005
20260328104251.0
008
260328s9999||||xx |||||||||||||| ||und||
100
_a
Weiwei, Ai
245
0
_a
Ai Weiwei/art/ Architecture /
_c
Ai Weiwei
260
_b
Kunsthaus Bregenz
300
_a
196 p.
650
_a
ARQUITECTOS
942
_c
BK
999
_c
10244
_d
10244